00624 2200229 4500001002100000005001700021008004100038020002300079035002400102040001200126082001300138090002300151100002100174245007200195250001000267260003600277300001900313504001600332650001100348850001200359990002300371YOGYA-0112000000031220120109172920.0 ind  a978-602-9245-05-29 0010-011200000000312 aYOPDYOG a297.3822 aDep 297.3822 ABU Y aABU AHMAD FARHAN aYa Allah,sia-siakah shalatku?cAbu ahmad farhan; penyunting A.ashan aCet 1 ayogyakartabCitra Risalahc2011 a129 hlmc20 cm aHlm 130-132 aShalat aYOPDYOG aCB.D.11 -2011-1121